000 00570nam a2200193Ia 4500
001 13500
003 GE_BSU
008 181216s||||||||xx |||||||||||||| ||und||
020 _a9781846944116
040 _cGE_BSU
080 _a811.111
100 _aBerman,Michael. Mojca,Belak. Wayne,Rimmer
245 _aEnglish Language Teaching Matters:A Collection of Articles and teaching Materials
260 _aWinchester
260 _c2011
300 _a220p.20cm.
653 _aEnglish Language Teaching Matters:A Collection of Articles and teaching Materials
942 _cBK
999 _c46659
_d46659